000 00745nam a2200241Ia 4500
003 OSt
005 20221005125515.0
006 a|||||r|||| 00| 0
007 ta
008 221004b |||||||| |||| 00| 0 eng d
024 _a62594
037 _cTextual
040 _aCRL
_cCRL
_beng
041 _2eng
_aeng
082 _aS:86, J5
100 _aVan Den Berg J H
_9636788
245 0 _aPhenomenological approach to psychiatry
_b An introduction to recent phenomenological psychopathology
260 _c1955
490 _aAmerican lecture series, a monograph in American lectures in philosophy, ed by Marvin Farber, 247
650 _aPSYCHOLOGY
942 _hS:86, J5
_cTEXL
_2cc
999 _c1054235
_d1054235